Personnel administration in India: Retrospective issues, prospective thoughts (Record no. 70604)

MARC details
000 -LEADER
fixed length control field 00430nam a2200157Ia 4500
008 - FIXED-LENGTH DATA ELEMENTS--GENERAL INFORMATION
fixed length control field 230917s9999||||xx |||||||||||||| ||und||
020 ## - ISBN
Price RS225
040 ## - CATALOGING SOURCE
-- 7359
Original cataloging agency VIVEKANANDA LIBRARY
041 ## - Language
-- English
082 ## - DDC NUMBER
Classification number 350.10954 D53P
100 ## - MAIN ENTRY--PERSONAL NAME
Personal name Dey, Bata K
245 #0 - TITLE STATEMENT
Title Personnel administration in India: Retrospective issues, prospective thoughts
260 ## - PUBLICATION, DISTRIBUTION, ETC. (IMPRINT)
Place of publication, distribution, etc New Delhi
Name of publisher, distributor, etc Uppal Publishing
Date of publication, distribution, etc 1991
300 ## - PHYSICAL DESCRIPTION
Pages ix, 238 p.
942 ## - ADDED ENTRY ELEMENTS (KOHA)
Koha item type Books
Holdings
Withdrawn status Lost status Damaged status Not for loan Location (home branch) Sublocation or collection (holding branch) Date acquired Koha issues (times borrowed) Koha full call number Accession No. Koha date last seen Koha item type
        VIVEKANANDA LIBRARY VIVEKANANDA LIBRARY 08/08/2002   350.10954 D53P 144065 17/09/2023 Books
© Designed and Maintained by Vivekananda Library, MDU Rohtak